000 00695cam a2200217 a 4500
001 2599918
005 20180111071421.0
008 971014s1998 nyua b 001 0 eng
010 _a 97043001
020 _a0806994436
040 _aDLC
_cDLC
_dDLC
041 _aeng
080 _a745.5
082 0 0 _a745.5 MIC
_221
100 1 _a9
101 _aMJE
245 1 0 _aDecorating your garden :
_cby Mickey Baskett.
906 _a7
_bcbu
_corignew
_d1
_eocip
_f19
_gy-gencatlg
942 _2ddc
_cBK
999 _c40115
_d40115